1988 UEFA European Championship Cities - Statistics

General Stats
  • This quiz has been taken 11 times
  • The average score is 7 of 8
Answer Stats
Picture Answer % Correct
Cologne
100%
Munich
100%
Frankfurt
91%
Hamburg
91%
Stuttgart
91%
Düsseldorf
82%
Hanover
73%
Gelsenkirchen
64%
No matching quizzes found
Score Distribution
Percent of People with Each Score
Percentile by Number Answered
Your Score History
You have not taken this quiz